Quiz sull'Italia - Statistics

Statistiche generali
  • Questo quiz è stato fatto 162 volte
  • Il punteggio medio è 13 su 15
Statistiche sulle risposte
Domanda Risposta % Corretto
Regione in cui si trova Roma Lazio
99%
Capoluogo della Campania Napoli
99%
Capitale del paese Roma
99%
Isole più grandi Sicilia e Sardegna
99%
Regione più piccola Valle d'aosta
99%
Paesi confinanti Città del vaticano,San marino...
98%
Pianura più estesa Pianura Padana
98%
Fiume Più lungo Po
98%
Capoluogo del Veneto Venezia
97%
Monte più alto Monte bianco
95%
Cibo più buono Pizza
95%
Regione centrale Umbria
82%
Mare meno profondo Mar Adriatico
48%
Mare più esteso Mar Tirreno
40%
Mare più profondo Mar Ionio
39%
Nessun quiz corrispondente trovato
Distribuzione punteggi
Percentuale di utenti per punteggio
Percentile per numero di risposta
I tuoi punteggi nel tempo
Non hai fatto questo quiz